[Event "2018 Aurora Fall Open - MASTER"]
[Site "Newmarket"]
[Date "2018.10.20"]
[Round "1.2"]
[White "Chernik, Dmitry"]
[Black "Hua, Eugene"]
[Result "0-1"]
[WhiteElo "2080"]
[BlackElo "2420"]
[PlyCount "84"]
[EventDate "2018.10.20"]

1. e4 c5 2. Nc3 Nc6 3. f4 g6 4. Nf3 Bg7 5. Bb5 Nd4 6. O-O a6 7. Bc4 e6 8. d3
Ne7 9. Nxd4 cxd4 10. Ne2 d5 11. Bb3 dxe4 12. dxe4 O-O 13. Bc4 b5 14. Bd3 f5 15.
e5 Bb7 16. a4 Qd5 17. Rf2 Rfd8 18. b3 Bf8 19. Ba3 Nc6 20. Bxf8 Kxf8 21. Qe1 Qc5
22. Rf3 Qe7 23. axb5 axb5 24. Bxb5 Nb4 25. Rxa8 Bxa8 26. Rg3 Nxc2 27. Qd2 Be4
28. h3 Qb4 29. Nc3 d3 30. Bc4 Ra8 31. Nxe4 fxe4 32. Rxd3 exd3 33. Qxd3 Qb6+ 34.
Kh2 Nd4 35. Qe3 Qa7 36. Qd2 Rd8 37. Qe3 Qe7 38. Qc3 Nf5 39. b4 Qa7 40. Bxe6 Qe3
41. Qxe3 Nxe3 42. b5 Ke7 0-1

[Event "2018 Aurora Fall Open - MASTER"]
[Site "Newmarket"]
[Date "2018.10.20"]
[Round "1.4"]
[White "Zhao, Jeffrey Renfei"]
[Black "Plotkin, Victor"]
[Result "0-1"]
[WhiteElo "2051"]
[BlackElo "2393"]
[PlyCount "48"]
[EventDate "2018.10.20"]

1. e4 e5 2. Nf3 Nf6 3. Nxe5 d6 4. Nf3 Nxe4 5. Nc3 Nxc3 6. dxc3 Be7 7. Be3 Nc6
8. Be2 O-O 9. O-O Bf5 10. Qd2 Qd7 11. Rad1 Rfe8 12. Rfe1 Bf6 13. Nd4 Nxd4 14.
Bxd4 Bxd4 15. cxd4 Qa4 16. Qc3 Qxc2 17. Qxc2 Bxc2 18. Rc1 Bf5 19. Rxc7 Bd3 20.
Kf1 Rxe2 21. Rxe2 Re8 22. Rcc2 Kf8 23. Ke1 Bxc2 24. Kd2 Rxe2+ 0-1

[Event "2018 Aurora Fall Open - MASTER"]
[Site "Newmarket"]
[Date "2018.10.20"]
[Round "1.5"]
[White "Migot, Tangi"]
[Black "Lin, Benjamin"]
[Result "1-0"]
[WhiteElo "2380"]
[BlackElo "2045"]
[PlyCount "75"]
[EventDate "2018.10.20"]

1. d4 d5 2. c4 c6 3. Nf3 Nf6 4. g3 g6 5. Qa4 Nbd7 6. cxd5 Nb6 7. Qd1 Nbxd5 8.
Bg2 Bg7 9. O-O O-O 10. Nbd2 Nc7 11. Qc2 Nd7 12. Re1 Nb6 13. Nb3 Bf5 14. e4 Bg4
15. h3 Bxf3 16. Bxf3 Qc8 17. Bg2 f5 18. Bg5 Bf6 19. Bh6 Bg7 20. Bxg7 Kxg7 21.
d5 cxd5 22. Rac1 Na6 23. Qe2 Qe6 24. Nd4 Qd6 25. exd5 Rfc8 26. Ne6+ Kf7 27. Qe3
Nc7 28. Rxc7 Rxc7 29. Qh6 Rc4 30. Qxh7+ Ke8 31. Qxg6+ Kd7 32. Qxf5 Rac8 33.
Ng5+ Kc7 34. b3 Rb4 35. Ne4 Qd7 36. Qe5+ Kd8 37. d6 e6 38. Qg5+ 1-0

[Event "2018 Aurora Fall Open - MASTER"]
[Site "Newmarket"]
[Date "2018.10.20"]
[Round "1.6"]
[White "Rusonik, Max"]
[Black "Noritsyn, Sergey"]
[Result "0-1"]
[WhiteElo "2044"]
[BlackElo "2304"]
[PlyCount "86"]
[EventDate "2018.10.20"]

1. e4 c5 2. Nf3 d6 3. d4 cxd4 4. Nxd4 Nf6 5. f3 e5 6. Nb3 d5 7. Bg5 Be6 8. Bxf6
gxf6 9. exd5 Qxd5 10. Qxd5 Bxd5 11. Nc3 Bc6 12. O-O-O Nd7 13. Nb5 Bxb5 14. Bxb5
O-O-O 15. Na5 Bh6+ 16. Kb1 Nb6 17. Bd3 Na4 18. Nb3 Kc7 19. Rhe1 Bg5 20. g3 h5
21. f4 exf4 22. gxf4 Bh6 23. Re7+ Kb8 24. Rde1 Bxf4 25. R7e4 Bxh2 26. Rxa4 h4
27. Re7 h3 28. Be4 Bc7 29. Rc4 Rc8 30. Nc5 h2 31. Na6+ Ka8 32. Bh1 Rhg8 33. Re1
Rg1 34. Rce4 Bg3 35. Nc7+ Kb8 36. Na6+ bxa6 37. Rb4+ Kc7 38. Rc1 Re8 39. Re4
Rxh1 40. Rc4+ Kb6 41. Rxh1 Re1+ 42. Rxe1 Bxe1 43. Rh4 Bxh4 0-1

[Event "2018 Aurora Fall Open - MASTER"]
[Site "Newmarket"]
[Date "2018.10.20"]
[Round "1.7"]
[White "Barron, Michael"]
[Black "Papneja, Arul"]
[Result "1-0"]
[WhiteElo "2279"]
[BlackElo "2038"]
[PlyCount "39"]
[EventDate "2018.10.20"]

1. e4 c5 2. Nf3 d6 3. d4 cxd4 4. Nxd4 Nf6 5. Nc3 a6 6. Be2 e5 7. Nb3 Be7 8. O-O
O-O 9. a4 Nc6 10. Kh1 Be6 11. f4 exf4 12. Bxf4 d5 13. e5 Ne4 14. Bd3 Nxc3 15.
bxc3 Rc8 16. Nd4 g6 17. Bh6 Nxe5 18. Qe2 Bf6 19. Bxf8 Kxf8 20. Nxe6+ 1-0

[Event "2018 Aurora Fall Open - MASTER"]
[Site "Newmarket"]
[Date "2018.10.20"]
[Round "1.8"]
[White "Profit, Brian"]
[Black "Munro, Allan"]
[Result "0-1"]
[WhiteElo "2022"]
[BlackElo "2249"]
[PlyCount "59"]
[EventDate "2018.10.20"]

1. d4 d5 2. c4 c6 3. Nf3 Nf6 4. Qb3 dxc4 5. Qxc4 Bf5 6. g3 e6 7. Bg2 Be7 8. O-O
Nbd7 9. e3 O-O 10. Rd1 Bg4 11. h3 Bh5 12. Nc3 Qc7 13. b3 Nb6 14. Qe2 Nbd5 15.
Bb2 Nxc3 16. Bxc3 Ne4 17. Bb2 h6 18. g4 Bg6 19. Ne5 Bh7 20. Rac1 Rfd8 21. Nc4
a5 22. a3 Bh4 23. Rf1 Rf8 24. Nd2 Nxd2 25. Qxd2 Qb6 26. Qc3 Rfc8 27. Rfd1 Bf6
28. e4 Rd8 29. Qc4 Rd7 30. Rd2 0-1

[Event "2018 Aurora Fall Open - MASTER"]
[Site "Newmarket"]
[Date "2018.10.20"]
[Round "1.9"]
[White "Dehmelt, Karl"]
[Black "Macleod, David"]
[Result "1/2-1/2"]
[WhiteElo "2239"]
[BlackElo "2021"]
[PlyCount "183"]
[EventDate "2018.10.20"]

1. e4 c5 2. Nf3 Nc6 3. Bb5 g6 4. O-O Bg7 5. Re1 e5 6. Bxc6 bxc6 7. d3 d6 8. c3
Ne7 9. d4 cxd4 10. cxd4 exd4 11. Nxd4 Qb6 12. Nb3 Be6 13. Qxd6 c5 14. Rd1 Nc8
15. Qd2 O-O 16. Nc3 Ne7 17. Na4 Bxb3 18. Nxb6 axb6 19. Re1 Nc6 20. Qd6 Nd4 21.
Qxb6 Be6 22. Qxc5 Rfc8 23. Qb6 Rab8 24. Qd6 Rd8 25. Qa6 Nc2 26. Bg5 Rdc8 27.
Bf4 Ra8 28. Qd3 Nxa1 29. Rxa1 Bxb2 30. Rb1 Bg7 31. h3 h6 32. a4 Kh7 33. a5 Rxa5
34. Rb8 Rac5 35. Rxc8 Rxc8 36. Kh2 Rc3 37. Qd2 Rc4 38. Qe2 Rb4 39. Bg3 Rb2 40.
Qd3 Rb3 41. Qd6 Rb2 42. Qc5 Re2 43. f3 Ba2 44. Be5 Be6 45. Bxg7 Kxg7 46. Qe5+
Kh7 47. Qf6 Re1 48. Kg3 Re2 49. h4 h5 50. Qc3 Kg8 51. Qd3 Rb2 52. Qd8+ Kh7 53.
Qf8 Re2 54. Kh2 Re1 55. g3 Bc4 56. Qb4 Re2+ 57. Kg1 Be6 58. Kf1 Re3 59. Kf2 Rb3
60. Qf8 Rb2+ 61. Ke3 Rb3+ 62. Kf4 Rb5 63. g4 hxg4 64. fxg4 Ra5 65. Qb4 Ra8 66.
Kg5 Ra2 67. h5 gxh5 68. gxh5 Rg2+ 69. Kf6 Rf2+ 70. Ke7 Rh2 71. Qc5 Rh4 72. Qe5
Rg4 73. Kf8 Rg8+ 74. Ke7 Rg4 75. Kf8 Rg8+ 76. Ke7 Rg4 77. Kd6 Rg8 78. Qf4 Rg4
79. Qf3 Rg8 80. Qf6 Rg4 81. Ke5 Rg2 82. Qf3 Rg8 83. Kf6 Rg1 84. e5 Rg4 85. Qd3+
Kh8 86. Ke7 Kg7 87. Qe3 Kh7 88. Qf3 Kh6 89. Kf6 Kh7 90. Qa8 Rf4+ 91. Ke7 Rg4
92. Kf6 1/2-1/2

[Event "2018 Aurora Fall Open - MASTER"]
[Site "Newmarket"]
[Date "2018.10.20"]
[Round "1.11"]
[White "Kang, Dorian"]
[Black "Zhao, Jeffrey R."]
[Result "1-0"]
[WhiteElo "2168"]
[BlackElo "1995"]
[PlyCount "77"]
[EventDate "2018.10.20"]

1. e4 c5 2. Nf3 d6 3. d4 cxd4 4. Nxd4 Nf6 5. f3 e5 6. Nb3 d5 7. Bg5 d4 8. c3
Nc6 9. Bb5 h6 10. Bh4 Qb6 11. Bxc6+ bxc6 12. cxd4 Ba6 13. Bg3 exd4 14. Qxd4 Qb5
15. Nc3 Bb4 16. Qe5+ Qxe5 17. Bxe5 Nd7 18. Bd4 c5 19. Be3 Ne5 20. O-O-O Nd3+
21. Kc2 c4 22. Nd4 O-O 23. Nd5 Rfc8 24. Nf5 Kf8 25. Nc3 Rd8 26. Rb1 Rd7 27.
Rhd1 Rc8 28. g4 Ba5 29. Nd4 Rb7 30. Nd5 Bd8 31. Bd2 Bc7 32. Nxc7 Rbxc7 33. Bc3
g6 34. h4 Ke7 35. h5 Rd7 36. hxg6 fxg6 37. Rh1 Kf6 38. Rxh6 Kg5 39. Ne6+ 1-0

[Event "2018 Aurora Fall Open - MASTER"]
[Site "Newmarket"]
[Date "2018.10.20"]
[Round "1.12"]
[White "Qiao, Cindy"]
[Black "Berengolts, Isai"]
[Result "0-1"]
[WhiteElo "1978"]
[BlackElo "2122"]
[PlyCount "78"]
[EventDate "2018.10.20"]

1. e4 c5 2. Nf3 d6 3. d4 cxd4 4. Qxd4 Nc6 5. Bb5 Bd7 6. Bxc6 Bxc6 7. Nc3 Qb6 8.
Qxb6 axb6 9. Nd5 Bxd5 10. exd5 Rc8 11. Nd4 Nf6 12. b3 Nxd5 13. c4 Nb4 14. O-O
g6 15. Bd2 Bg7 16. Bxb4 Bxd4 17. Rae1 Kd7 18. Re4 e5 19. Rd1 b5 20. cxb5 Rc2
21. Rexd4 exd4 22. g3 Ke6 23. Rxd4 d5 24. Rd3 Rxa2 25. Re3+ Kd7 26. Re7+ Kc8
27. Rxf7 d4 28. Rf3 Rd8 29. Rd3 Rc2 30. Bd2 Rc5 31. Kf1 Rxb5 32. b4 Re5 33. Bf4
Re6 34. Bd2 Kc7 35. Bf4+ Kb6 36. Be3 Re4 37. Ke2 Kb5 38. Kd1 dxe3 39. Rxd8 exf2
0-1

[Event "2018 Aurora Fall Open - MASTER"]
[Site "Newmarket"]
[Date "2018.10.20"]
[Round "1.13"]
[White "Surya, Benito"]
[Black "Ning, Eric"]
[Result "1/2-1/2"]
[WhiteElo "2106"]
[BlackElo "1915"]
[PlyCount "100"]
[EventDate "2018.10.20"]

1. e4 c5 2. Nf3 Nc6 3. Bb5 g6 4. O-O Bg7 5. Re1 e5 6. Nc3 Nge7 7. d3 O-O 8. Nd5
a6 9. Bc4 b5 10. Bb3 h6 11. a4 Bb7 12. Be3 Nd4 13. axb5 Nxb3 14. cxb3 Nxd5 15.
exd5 Bxd5 16. bxa6 Qb6 17. Qd2 d6 18. Bxh6 Rxa6 19. Bxg7 Kxg7 20. Rxa6 Qxa6 21.
Qc3 Qb7 22. Nd2 Bxg2 23. f4 f6 24. Re2 Bd5 25. Nc4 Qd7 26. Ne3 Be6 27. Rf2 exf4
28. Rxf4 Qe7 29. Qe1 Qf7 30. Nc4 d5 31. Ne5 Qe7 32. Ng4 Rf7 33. Ne3 d4 34. Nc4
Bxc4 35. Qxe7 Rxe7 36. bxc4 Re3 37. Re4 Rxe4 38. dxe4 Kf7 39. Kf2 Ke6 40. Ke2
g5 41. h3 Kd6 42. Kd3 Ke5 43. b3 Kf4 44. b4 cxb4 45. Kxd4 b3 46. Kc3 Kxe4 47.
Kxb3 f5 48. c5 Kd5 49. Kb4 f4 50. c6 Kxc6 1/2-1/2

[Event "2018 Aurora Fall Open - MASTER"]
[Site "Newmarket"]
[Date "2018.10.20"]
[Round "2.2"]
[White "Hua, Eugene"]
[Black "Barron, Michael"]
[Result "1-0"]
[WhiteElo "2420"]
[BlackElo "2279"]
[PlyCount "103"]
[EventDate "2018.10.20"]

1. e4 e5 2. Nf3 Nc6 3. d4 exd4 4. Nxd4 Bc5 5. Nb3 Bb6 6. Nc3 Nf6 7. Qe2 O-O 8.
Be3 Re8 9. f3 d6 10. O-O-O Be6 11. g4 Nd7 12. h4 a5 13. Nd4 Nxd4 14. Bxd4 Bxd4
15. Rxd4 Qf6 16. Qe3 Ne5 17. Be2 Ng6 18. h5 Nf4 19. h6 g5 20. Rdd1 Qe5 21. Bd3
f6 22. Ne2 Bxa2 23. Nxf4 gxf4 24. Qe2 Qc5 25. Qd2 Bf7 26. Qxf4 Qg5 27. Qxg5+
fxg5 28. Rdf1 Rf8 29. Kd2 Rae8 30. f4 gxf4 31. Rxf4 Be6 32. Rhf1 Rxf4 33. Rxf4
Bf7 34. Rf5 Re5 35. Ke3 Be6 36. Rf6 b5 37. Kf4 a4 38. c3 Bd7 39. Bb1 Re8 40.
Ba2+ Kh8 41. Rf7 Rd8 42. g5 c5 43. e5 dxe5+ 44. Kxe5 b4 45. cxb4 cxb4 46. Bb1
Re8+ 47. Kd6 Be6 48. Rxh7+ Kg8 49. g6 a3 50. bxa3 bxa3 51. Ra7 a2 52. h7+ 1-0

[Event "2018 Aurora Fall Open - MASTER"]
[Site "Newmarket"]
[Date "2018.10.20"]
[Round "2.4"]
[White "Plotkin, Victor"]
[Black "Li, William"]
[Result "1/2-1/2"]
[WhiteElo "2393"]
[BlackElo "2217"]
[PlyCount "111"]
[EventDate "2018.10.20"]

1. Nf3 c5 2. c4 Nc6 3. Nc3 g6 4. e3 Nf6 5. d4 cxd4 6. Nxd4 Bg7 7. Be2 O-O 8.
O-O d6 9. b3 Bd7 10. Bb2 Qa5 11. Qd2 Rfc8 12. Rfd1 a6 13. Rac1 Rab8 14. h3 b5
15. Nxc6 Bxc6 16. Nd5 Qxd2 17. Nxf6+ Bxf6 18. Rxd2 Bxb2 19. Rxb2 b4 20. Rd1 a5
21. f4 Ra8 22. Kf2 a4 23. Rdd2 Be4 24. bxa4 Rcb8 25. Bd1 Bc6 26. Rd3 Bxa4 27.
Bxa4 Rxa4 28. a3 Kg7 29. axb4 Rbxb4 30. Rxb4 Rxb4 31. Rc3 f5 32. Kf3 e6 33. g4
Kf7 34. g5 Rb7 35. Rd3 Ke7 36. Ra3 Kd7 37. e4 Kc6 38. exf5 gxf5 39. Ra8 Kc5 40.
Rc8+ Kd4 41. Rc6 d5 42. c5 Rb3+ 43. Kg2 Ke4 44. Rxe6+ Kxf4 45. h4 Rb2+ 46. Kf1
Kg4 47. Re2 Rb5 48. Rc2 Kxh4 49. c6 Rb8 50. Rc5 Kxg5 51. Rxd5 Rc8 52. Rc5 Rc7
53. Ke2 h5 54. Kf3 Kf6 55. Kf4 Ke6 56. Rxf5 1/2-1/2

[Event "2018 Aurora Fall Open - MASTER"]
[Site "Newmarket"]
[Date "2018.10.20"]
[Round "2.5"]
[White "Berengolts, Isai"]
[Black "Migot, Tangi"]
[Result "0-1"]
[WhiteElo "2122"]
[BlackElo "2380"]
[PlyCount "100"]
[EventDate "2018.10.20"]

1. e4 c5 2. Nf3 Nc6 3. Bb5 e6 4. O-O Nge7 5. Re1 a6 6. Bf1 Qc7 7. c3 d5 8. exd5
Nxd5 9. d4 cxd4 10. Nxd4 Nxd4 11. Qxd4 Nf6 12. Bf4 Qc5 13. Qxc5 Bxc5 14. Nd2
Ke7 15. Bg5 h6 16. Bxf6+ gxf6 17. Ne4 Bb6 18. Rad1 Rd8 19. Rxd8 Bxd8 20. Rd1
Bc7 21. Rd3 f5 22. Nd2 Bd7 23. Be2 e5 24. Rh3 Rh8 25. c4 Bc6 26. Nb1 Rg8 27.
Rg3 Rd8 28. Rd3 Rxd3 29. Bxd3 e4 30. Be2 Be5 31. b3 Kd6 32. Na3 Bc3 33. g3 Ke5
34. Nc2 f4 35. gxf4+ Kxf4 36. Ne3 Bd2 37. Nd5+ Ke5 38. a4 f5 39. Kf1 Bd7 40. f3
Bg5 41. Ke1 a5 42. Bd1 Kd4 43. Bc2 Bh4+ 44. Ke2 Be8 45. fxe4 Bh5+ 46. Kf1 fxe4
47. Nf4 Bf3 48. Ne2+ Ke3 49. Nc3 Bg4 50. Nxe4 Bf5 0-1

[Event "2018 Aurora Fall Open - MASTER"]
[Site "Newmarket"]
[Date "2018.10.20"]
[Round "2.6"]
[White "Zhang, Henry"]
[Black "Kang, Dorian"]
[Result "1-0"]
[WhiteElo "2217"]
[BlackElo "2168"]
[PlyCount "107"]
[EventDate "2018.10.20"]

1. e4 c5 2. Nf3 d6 3. d4 cxd4 4. Nxd4 Nf6 5. Nc3 a6 6. Be3 e5 7. Nb3 Be6 8. f3
Be7 9. Qd2 h5 10. Nd5 Nxd5 11. exd5 Bf5 12. Be2 Nd7 13. Na5 Qc7 14. c4 Bg6 15.
Rc1 f5 16. b4 f4 17. Bf2 Rc8 18. O-O O-O 19. c5 dxc5 20. d6 Bxd6 21. Rfd1 Rf6
22. Bh4 Rd8 23. Qd5+ Bf7 24. Qxb7 Bxa2 25. Qxc7 Bxc7 26. Nb7 Rb8 27. Rxd7 Rc6
28. b5 axb5 29. Bxb5 Rb6 30. Rxc7 Rxb5 31. Nxc5 Rb2 32. Nd3 Re2 33. Rc8+ Rxc8
34. Rxc8+ Kf7 35. Rc7+ Kg6 36. Nc1 Rb2 37. Nxa2 Rxa2 38. Re7 Ra1+ 39. Kf2 Ra3
40. Kf1 Ra1+ 41. Be1 Kf6 42. Rb7 g6 43. Ke2 Ra2+ 44. Bd2 Ra1 45. Rb5 Rh1 46. h3
Rg1 47. Kf2 Ra1 48. Bc3 Ra2+ 49. Kf1 g5 50. Bxe5+ Kg6 51. Rb6+ Kh7 52. Bf6 Ra5
53. Rd6 Kg6 54. Bc3+ 1-0

[Event "2018 Aurora Fall Open - MASTER"]
[Site "Newmarket"]
[Date "2018.10.20"]
[Round "2.7"]
[White "Rubanovski, Vladimir"]
[Black "Dehmelt, Karl"]
[Result "0-1"]
[WhiteElo "2005"]
[BlackElo "2239"]
[PlyCount "78"]
[EventDate "2018.10.20"]

1. c4 Nf6 2. Nc3 e5 3. a3 d5 4. cxd5 Nxd5 5. Nf3 Nc6 6. e3 Nxc3 7. dxc3 Qxd1+
8. Kxd1 Bf5 9. Bb5 O-O-O+ 10. Ke1 f6 11. b4 Be7 12. Bb2 a6 13. Be2 g5 14. h3
Be4 15. Rd1 h5 16. Rxd8+ Rxd8 17. Rg1 Bg6 18. Bc4 b5 19. Bb3 a5 20. Ke2 Bd3+
21. Kd2 g4 22. hxg4 hxg4 23. Ne1 Bc4+ 24. Kc2 Bxb3+ 25. Kxb3 Rd2 26. Rf1 e4 27.
Ka2 Ne5 28. Kb1 Nc4 29. Bc1 axb4 30. axb4 Bd6 31. Nc2 Be5 32. Nd4 Bxd4 33. cxd4
f5 34. f3 Rxg2 35. fxg4 fxg4 36. Rf4 g3 37. Rxe4 Re2 38. Re6 Nd2+ 39. Bxd2 Rxd2
0-1

[Event "2018 Aurora Fall Open - MASTER"]
[Site "Newmarket"]
[Date "2018.10.20"]
[Round "2.8"]
[White "Brajkovic, Nikola"]
[Black "Surya, Benito"]
[Result "1-0"]
[WhiteElo "1960"]
[BlackElo "2106"]
[PlyCount "95"]
[EventDate "2018.10.20"]

1. e4 d5 2. exd5 Qxd5 3. d4 Nf6 4. Nf3 Bg4 5. Be2 Nc6 6. c3 O-O-O 7. Be3 e6 8.
Nbd2 Qd7 9. Nc4 Bd6 10. Qb3 Nd5 11. g3 h6 12. Nce5 Nxe5 13. Nxe5 Bxe5 14. Bxg4
Nxe3 15. fxe3 Qc6 16. O-O-O f5 17. Bxf5 exf5 18. dxe5 Rde8 19. Qd5 Qxd5 20.
Rxd5 c6 21. Ra5 Kb8 22. Rd1 b6 23. Ra6 Rd8 24. Rd4 c5 25. Rf4 Rhf8 26. e4 fxe4
27. Ra4 Rxf4 28. gxf4 Kb7 29. Rxe4 Kc6 30. Kc2 Kd5 31. Re2 Ke6 32. Rg2 Rd7 33.
Rd2 Rf7 34. Rg2 Ke7 35. Rg6 Kf8 36. Rg4 h5 37. Rh4 g6 38. Kd3 Rd7+ 39. Ke2 Kf7
40. Rh3 Ke6 41. Rg3 Kf5 42. Ke3 Rg7 43. Rg5+ Ke6 44. h4 Rg8 45. Ke4 Rg7 46. b3
Rg8 47. Rxg6+ Rxg6 48. f5+ 1-0

[Event "2018 Aurora Fall Open - MASTER"]
[Site "Newmarket"]
[Date "2018.10.20"]
[Round "2.9"]
[White "Ning, Eric"]
[Black "Chernik, Dmitry"]
[Result "1-0"]
[WhiteElo "1915"]
[BlackElo "2080"]
[PlyCount "85"]
[EventDate "2018.10.20"]

1. d4 d6 2. c4 Nf6 3. Nf3 Nbd7 4. Nc3 c6 5. e4 e5 6. Be2 Be7 7. O-O O-O 8. h3
Re8 9. d5 h6 10. a3 Nh7 11. b4 cxd5 12. Nxd5 Ndf6 13. Bd3 Nxd5 14. cxd5 Bg5 15.
Nxg5 Nxg5 16. Be3 f5 17. f3 f4 18. Bf2 Rf8 19. Kh2 Qe8 20. Rh1 Qg6 21. Rc1 Rf6
22. Bh4 Qh5 23. Bxg5 Qxg5 24. Qe1 Rg6 25. Qf2 Qd8 26. Rc3 Rg3 27. Rhc1 Bd7 28.
Bf1 Rg6 29. b5 Rc8 30. Rxc8 Bxc8 31. Qxa7 Bxh3 32. Kxh3 Qg5 33. Kh2 Qh5+ 34.
Kg1 Qxf3 35. Re1 Qc3 36. Qf2 Qxa3 37. b6 h5 38. Rd1 f3 39. Rd3 Rxg2+ 40. Qxg2
Qxd3 41. Qxg7+ Kxg7 42. Bxd3 Kf6 43. Kf2 1-0

[Event "2018 Aurora Fall Open - MASTER"]
[Site "Newmarket"]
[Date "2018.10.20"]
[Round "2.10"]
[White "Loadman, Ian"]
[Black "Profit, Brian"]
[Result "1-0"]
[WhiteElo "2102"]
[BlackElo "2022"]
[PlyCount "77"]
[EventDate "2018.10.20"]

1. e4 e6 2. d4 d5 3. Nd2 c5 4. c3 cxd4 5. cxd4 dxe4 6. Nxe4 Nf6 7. Nc3 Be7 8.
Nf3 O-O 9. Bd3 b6 10. O-O Bb7 11. Re1 Nc6 12. a3 Rc8 13. Bc2 Re8 14. Bg5 g6 15.
h4 Na5 16. Ne5 Nc4 17. Qe2 Nxe5 18. dxe5 Nd5 19. Ne4 Bxg5 20. hxg5 Nf4 21. Qg4
Bxe4 22. Bxe4 Nd5 23. Rad1 Rc7 24. Rd3 Qe7 25. Bxd5 exd5 26. Rxd5 Rd8 27. Rxd8+
Qxd8 28. Rd1 Qe7 29. Qf4 h6 30. Qf6 Kh7 31. Rd8 Qxf6 32. gxf6 g5 33. g4 Rc4 34.
f3 Rc2 35. Rf8 Rxb2 36. Rxf7+ Kg8 37. e6 Re2 38. Rg7+ Kf8 39. e7+ 1-0

[Event "2018 Aurora Fall Open - MASTER"]
[Site "Newmarket"]
[Date "2018.10.20"]
[Round "2.11"]
[White "Colvin, Andrew"]
[Black "Nazareno, Merlin"]
[Result "1-0"]
[WhiteElo "2071"]
[BlackElo "2005"]
[PlyCount "67"]
[EventDate "2018.10.20"]

1. d4 d5 2. c4 e6 3. Nf3 c6 4. e3 Bd6 5. Bd3 f5 6. Nc3 Nf6 7. O-O O-O 8. Qc2
Ne4 9. b3 Nd7 10. a4 Rf7 11. Ba3 Bc7 12. Rac1 Qf6 13. cxd5 exd5 14. Nxd5 cxd5
15. Qxc7 Ndc5 16. Rxc5 Rxc7 17. Rxc7 Qb6 18. Rfc1 Be6 19. Bxe4 dxe4 20. Ng5
Qxb3 21. Nxe6 Qxe6 22. h3 Qb3 23. Bd6 Re8 24. Be5 Rxe5 25. dxe5 Qd5 26. Re7 Kf8
27. Rcc7 Qd1+ 28. Kh2 Qd5 29. Rxb7 Qc5 30. Rxa7 g5 31. Reb7 Qxe5+ 32. g3 Qe8
33. Rxh7 Kg8 34. Rag7+ 1-0

[Event "2018 Aurora Fall Open - MASTER"]
[Site "Newmarket"]
[Date "2018.10.20"]
[Round "2.12"]
[White "Papneja, Arul"]
[Black "Zhao, Jeffrey Renfei"]
[Result "1/2-1/2"]
[WhiteElo "2038"]
[BlackElo "2051"]
[PlyCount "123"]
[EventDate "2018.10.20"]

1. d4 d5 2. Bf4 Nf6 3. e3 e6 4. Nf3 Bd6 5. Bg3 c5 6. c3 O-O 7. Nbd2 Nc6 8. Bd3
b6 9. e4 dxe4 10. Nxe4 Be7 11. dxc5 bxc5 12. h4 Bb7 13. Qe2 Qa5 14. Nxf6+ Bxf6
15. Bxh7+ Kh8 16. Bc2 Bxc3+ 17. Kf1 Bf6 18. Ng5 Ba6 19. Bd3 Bxd3 20. Qxd3 g6
21. Bf4 Rad8 22. Qe2 Nd4 23. Qg4 Qa6+ 24. Kg1 Ne2+ 25. Kh2 Nxf4 26. Qxf4 Qd6
27. Qxd6 Rxd6 28. Rad1 Bxg5 29. hxg5 Rfd8 30. Kg3+ Kg7 31. Rxd6 Rxd6 32. Rc1
Rd2 33. Rxc5 Rxb2 34. Ra5 Rb7 35. Ra6 Kf8 36. Kf4 Ke7 37. g4 Kd7 38. Ke5 Ke7
39. f4 Rc7 40. a4 Rc5+ 41. Kd4 Rc7 42. a5 Kd7 43. Kd3 Ke7 44. Kd4 Kd7 45. f5
exf5 46. gxf5 gxf5 47. Rf6 Ke7 48. Rxf5 Rc6 49. Kd5 Rg6 50. Ke5 Re6+ 51. Kf4
Rc6 52. Re5+ Kd7 53. Kf5 Ra6 54. Rb5 Kc6 55. Re5 Kd7 56. Kf4 Re6 57. Rxe6 Kxe6
58. a6 f5 59. Ke3 Kf7 60. Kf3 Kg7 61. Kg3 Kf7 62. Kf3 1/2-1/2

[Event "2018 Aurora Fall Open - MASTER"]
[Site "Newmarket"]
[Date "2018.10.20"]
[Round "2.13"]
[White "Lin, Benjamin"]
[Black "Qiao, Cindy"]
[Result "1-0"]
[WhiteElo "2045"]
[BlackElo "1978"]
[PlyCount "81"]
[EventDate "2018.10.20"]

1. d4 d5 2. c4 e6 3. Nf3 Nf6 4. Qc2 Nbd7 5. Nbd2 c6 6. e3 Be7 7. Bd3 O-O 8. O-O
Re8 9. Ne5 h6 10. f4 c5 11. Ndf3 Rf8 12. b3 Qc7 13. Bb2 b6 14. g4 Nxe5 15. Nxe5
Nd7 16. cxd5 exd5 17. Qg2 Bb7 18. g5 hxg5 19. Qh3 Nf6 20. fxg5 Bc8 21. Bf5 Bxf5
22. Rxf5 Ne4 23. g6 fxg6 24. Nxg6 Rf6 25. Rxf6 Bxf6 26. Qh8+ Kf7 27. Qxa8 Qd7
28. Nf4 Qg4+ 29. Ng2 Qd7 30. Rf1 Nd2 31. Rf2 Ne4 32. Rf4 Ng5 33. Rf1 Nh3+ 34.
Kh1 Kg6 35. Qb8 Qb5 36. Qg3+ Ng5 37. Nh4+ Kh7 38. Qf2 Kg8 39. Qf5 Qc6 40. Ng6
Ne4 41. Qxf6 1-0

[Event "2018 Aurora Fall Open - MASTER"]
[Site "Newmarket"]
[Date "2018.10.20"]
[Round "2.14"]
[White "Zhao, Jeffrey R."]
[Black "Rusonik, Max"]
[Result "1-0"]
[WhiteElo "1995"]
[BlackElo "2044"]
[PlyCount "95"]
[EventDate "2018.10.20"]

1. e4 e5 2. Nf3 Nc6 3. Bc4 Nf6 4. d3 Be7 5. O-O d6 6. a4 h6 7. c3 a5 8. Re1 O-O
9. Nbd2 Kh8 10. Nf1 Nh5 11. h3 Nf4 12. Bxf4 exf4 13. d4 f5 14. exf5 Bxf5 15. d5
Nb8 16. Nd4 Nd7 17. Bd3 Bxd3 18. Ne6 Qe8 19. Nxf8 Bxf1 20. Rxe7 Qxf8 21. Rxd7
Qf5 22. Qg4 Qxg4 23. hxg4 Bc4 24. Rxc7 Bxd5 25. Rd1 Bc6 26. Rxd6 Re8 27. Rd2 f3
28. gxf3 Bxf3 29. Kh2 Bxg4 30. Rxb7 h5 31. Rb5 Re1 32. Rxa5 Kh7 33. Kg2 h4 34.
Rd4 h3+ 35. Kh2 Be6 36. Rh5+ Kg6 37. Rxh3 Bxh3 38. Kxh3 Re2 39. b4 Rxf2 40. Kg3
Rc2 41. Rc4 Kh5 42. b5 g5 43. b6 g4 44. Rc5+ Kg6 45. Kxg4 Ra2 46. b7 Rxa4+ 47.
Kf3 Rb4 48. cxb4 1-0

[Event "2018 Aurora Fall Open - MASTER"]
[Site "Newmarket"]
[Date "2018.10.20"]
[Round "3.2"]
[White "Dehmelt, Karl"]
[Black "Zhang, Henry"]
[Result "1-0"]
[WhiteElo "2239"]
[BlackElo "2217"]
[PlyCount "77"]
[EventDate "2018.10.20"]

1. e4 c5 2. Nf3 e6 3. d4 cxd4 4. Nxd4 Nc6 5. Nxc6 bxc6 6. Bd3 d5 7. O-O Nf6 8.
e5 Nd7 9. Re1 Qc7 10. f4 Nc5 11. Be3 Nxd3 12. cxd3 Bb4 13. Nd2 O-O 14. d4 c5
15. dxc5 Bxc5 16. Nb3 Bxe3+ 17. Rxe3 Qb6 18. Qd4 Qxd4 19. Nxd4 Bd7 20. Rc3 Rfc8
21. Rac1 Kf8 22. Rxc8+ Rxc8 23. Rxc8+ Bxc8 24. Kf2 Bd7 25. Ke3 Ke7 26. Nf3 Bb5
27. Kd4 Be2 28. Nd2 f6 29. b4 fxe5+ 30. fxe5 Kf7 31. a4 a6 32. Kc5 Kg6 33. Nb3
Bd1 34. b5 axb5 35. axb5 Be2 36. Nd4 Bf1 37. b6 Ba6 38. Kd6 h6 39. Kxe6 1-0

[Event "2018 Aurora Fall Open - MASTER"]
[Site "Newmarket"]
[Date "2018.10.20"]
[Round "3.3"]
[White "Li, William"]
[Black "Brajkovic, Nikola"]
[Result "1/2-1/2"]
[WhiteElo "2217"]
[BlackElo "1960"]
[PlyCount "110"]
[EventDate "2018.10.20"]

1. e4 g6 2. d4 Bg7 3. Nc3 d6 4. Be3 Nd7 5. Qd2 e5 6. d5 a6 7. a4 Ngf6 8. f3 O-O
9. g4 h5 10. Bg5 Qe8 11. Qg2 Kh7 12. h4 Rh8 13. Nge2 Kg8 14. O-O-O Kf8 15. Ng3
hxg4 16. h5 gxf3 17. Qxf3 Nxh5 18. Nxh5 Rxh5 19. Rxh5 gxh5 20. Bh3 Nc5 21. Bxc8
Rxc8 22. Qxh5 f6 23. Qh7 Qf7 24. Be3 Qg8 25. Qf5 Rd8 26. Rg1 Qh8 27. Qg6 Nd7
28. Ne2 Re8 29. Ng3 Ke7 30. Qxg7+ Kd8 31. Qxh8 Rxh8 32. Nf5 b6 33. Nh6 Ke8 34.
Rg8+ Rxg8 35. Nxg8 b5 36. axb5 axb5 37. Kd2 f5 38. exf5 Kf8 39. Nh6 Nf6 40. Bg5
Ne4+ 41. Kd3 Nxg5 42. Ng4 Ke7 43. Kc3 Nf3 44. Kb4 e4 45. c3 Ne5 46. Ne3 Nd3+
47. Kxb5 Nxb2 48. f6+ Kxf6 49. Kc6 Ke5 50. Kxc7 Nc4 51. Nxc4+ Kxd5 52. Ne3+ Kc5
53. Kd7 d5 54. Ke6 d4 55. cxd4+ Kxd4 1/2-1/2